000
00325nam a2200145Ia 4500
008
240112s2017 xx 000 0 und d
022
_a
900036
041
_a
eng
082
_a
614
100
_a
QUADE
245
_a
AMERICAN JOU.OF PUBLIC HEALTH
260
_b
APHA
_c
2017
300
_a
1345-1983
_c
SEP-DEC
440
_v
107
999
_c
1145110
_d
1145110